| 000 | 00910nam a2200289 i 4500 | ||
|---|---|---|---|
| 003 | DO-SdBNP | ||
| 005 | 20250205092106.0 | ||
| 006 | a||||gr|||| 00| 0 | ||
| 007 | ta | ||
| 008 | 231110e1997 dr a|||| |||| 00| i spa d | ||
| 020 | _a8484001954 | ||
| 040 |
_aDO-SdBNP _bspa _cBNPHU _erda |
||
| 082 | 4 |
_222 _bR934c |
|
| 100 | 1 |
_aRuiz de Catrain, María Teresa _eautor _922649 |
|
| 245 | 1 | 0 |
_aCartas a mi hijo. / _cMaría Teresa Ruiz de Catrain |
| 250 | _aa. edición | ||
| 264 |
_aSanto Domingo : _bTaller, _c1997 |
||
| 300 |
_a98 páginas : _bIlustraciones ; _c23 cm. |
||
| 336 |
_2rdacontent _atexto _btxt |
||
| 337 |
_2rdamedia _asin mediación _bn |
||
| 338 |
_2rdacarrier _avolumen _bnc |
||
| 590 | _aInventariado 2023 / MF | ||
| 600 | 1 | 0 |
_aRuiz de Catrain, María Teresa _xCorrespondencia, Memorias, Etc. _922649 |
| 650 | 4 |
_aCartas dominicanas _914827 |
|
| 650 | 4 |
_aMadre e hijo _922651 |
|
| 942 |
_2ddc _cLBS1 |
||
| 999 |
_c55456 _d55456 |
||